000 00316nam a2200133Ia 4500
100 _aHajrachoudhary/S.K.
650 _aProduction Management
942 _cBK
654 _aManagement-Production
245 _aProduction Management
260 _bMedia promoters & pub.
_aMumbai
300 _a525
546 _aENGLISH
999 _c21484
_d21484